000 00497nam a2200169Ia 4500
008 090711s9999 xx 000 0 und d
082 _b16443
100 _aबनहट्टी राजेंद्र
245 _aअपुर्णा
260 _c1965
300 _a123
600 _aबनहट्टी राजेंद्र
630 _aअपुर्णा
700 _aबनहट्टी राजेंद्र
730 _aअपुर्णा
942 _cBOOK
999 _c295881
_d295881